00694nam a2200205Ia 4500003000900000008004100009040001600050080001500066100002500081245011600106250001200222260003900234300001700273650002900290650003000319650002900349942000700378999001300385952009000398IN-BaIIA211028s9999 xx 000 0 eng d cIIA Library a539.8bLOV aLove, A. E. H.91683 2aA treatise on the mathematical theory of elasticitycA. E. H. Love  a4th ed. aNew YorkbDover Publicationsc1944 axviii, 643p. aElastic properties91684 aMathematical theory91685 aPlastic properties91686 cBK c783d783 00104070aBANbKODcGENd0000-00-00l0o539.8/ LOVp808r2021-11-05w0000-00-00yBK